[Event "Japfa Classic"]
[Site "Bali"]
[Date "2000.04.30"]
[Round "8"]
[White "Ehlvest, Jaan"]
[Black "Milos, Gilberto"]
[Result "0-1"]
[WhiteElo "2622"]
[BlackElo "2620"]
[Annotator "Ftacnik,L"]
[PlyCount "72"]
[EventDate "2000.04.22"]
[EventType "tourn"]
[EventRounds "9"]
[EventCountry "INA"]
[EventCategory "16"]
[SourceTitle "CBM 077"]
[Source "ChessBase"]
[SourceDate "2000.07.27"]
[SourceVersion "1"]
[SourceVersionDate "2000.07.27"]
[SourceQuality "1"]

1. e4 c5 2. Nf3 d6 3. d4 cxd4 4. Nxd4 Nf6 5. Nc3 Nc6 6. Bc4 e6 7. Be3 Be7 8.
Bb3 O-O 9. f4 Nxd4 10. Bxd4 b5 11. e5 dxe5 12. fxe5 Nd7 13. Qf3 Rb8 14. Bxa7 $6
{[%mdl 8] New, but very risky move in a well known position. Black pieces are
coming to life with a full swing.} Bh4+ 15. g3 $6 (15. Bf2 Nxe5 $13) (15. Kf1
b4 $5 (15... Nxe5 16. Qe2 Rb7 17. Bc5 Qf6+ 18. Kg1 Rd8 $13) 16. Bxb8 bxc3 17.
Ba7 Ba6+ 18. Kg1 cxb2 19. Rb1 Nxe5 $13) 15... Bb7 16. Qh5 (16. Qe2 Bxh1 17.
Bxb8 Qxb8 18. gxh4 Nxe5 $17) 16... Bxh1 17. Bxb8 (17. gxh4 Ra8 18. Bd4 b4 $17)
17... Bg5 (17... Qxb8 18. Qxh4 Qxe5+ 19. Kd2 $13) 18. Bc7 (18. Bd6 Nxe5 $1 19.
Rd1 (19. Bxe5 Qd2+ 20. Kf1 Bg2+ 21. Kg1 Be3#) 19... Qb6 (19... Bf3 20. Bxf8
Qxd1+ 21. Nxd1 Bxh5 22. Bd6 $13) 20. Bxe5 Qg1+ 21. Ke2 Qe3+ 22. Kf1 Qxe5 $17) (
18. Rd1 Qxb8 19. Qxg5 Nxe5 $15) 18... Qxc7 19. Qxg5 b4 (19... Nxe5 20. O-O-O b4
$15) 20. Nb5 (20. O-O-O bxc3 21. Rxh1 cxb2+ 22. Kxb2 Rc8 $17) 20... Qc5 21.
O-O-O Bf3 (21... Nxe5 $1 22. Kb1 (22. Qf4 Bf3 $19) 22... Bf3 23. Re1 f6 24.
Bxe6+ Kh8 25. Qh4 Qxb5 $19) 22. Rxd7 Qg1+ 23. Kd2 Qxh2+ (23... Qd1+ 24. Ke3
Qxd7 25. Nd6 $15) 24. Kd3 (24. Kc1 Qg1+ 25. Kd2 Qd1+ 26. Ke3 Qe2+ 27. Kd4)
24... Qe2+ 25. Kd4 Qd1+ 26. Kc5 (26. Ke3 Qxd7 27. Nd6 Bd5 $19) 26... Qxd7 {
Ehlvest will hardly find many followers of his opening experiment, his king on
c5 speaks volume for it's dubious success.} 27. Kxb4 Rb8 28. a4 (28. c4 Bc6 29.
a4 Qd4 $19) 28... Qd4+ 29. Ka3 (29. c4 Qxb2 $19) 29... Qc5+ 30. Ka2 Bd5 31.
Bxd5 (31. Kb1 Bxb3 32. cxb3 f6 $19) 31... Qxd5+ 32. b3 f6 33. Qe3 Qxe5 (33...
fxe5 34. c4 $17) 34. Qxe5 fxe5 35. Nd6 Rd8 36. Ne4 Rd4 0-1

[Event "Biel GM"]
[Site "Biel"]
[Date "1999.07.27"]
[Round "9"]
[White "Onischuk, Alexander"]
[Black "Bologan, Viktor"]
[Result "1/2-1/2"]
[WhiteElo "2657"]
[BlackElo "2620"]
[Annotator "Ftacnik,L"]
[PlyCount "55"]
[EventDate "1999.07.19"]
[EventType "tourn"]
[EventRounds "10"]
[EventCountry "SUI"]
[EventCategory "14"]
[SourceTitle "CBM 072"]
[Source "ChessBase"]
[SourceDate "1999.10.01"]
[SourceVersion "1"]
[SourceVersionDate "1999.10.01"]
[SourceQuality "1"]

1. e4 c5 2. Nf3 d6 3. d4 cxd4 4. Nxd4 Nf6 5. Nc3 Nc6 6. Bc4 Qb6 7. Ndb5 a6 8.
Be3 Qa5 9. Nd4 e6 10. O-O Qc7 11. Bb3 Be7 12. f4 O-O 13. Qf3 Nxd4 14. Bxd4 b5
15. e5 dxe5 16. fxe5 Nd7 17. Bxe6 (17. Qxa8 Bb7 18. Qa7 Ra8 19. Qxa8+ Bxa8 $15)
17... fxe6 18. Qxa8 Bb7 19. Rxf8+ Nxf8 (19... Bxf8 $2 20. Qe8 Qc6 21. Kf2 $8
Qxg2+ 22. Ke1 Qh1+ 23. Kd2 Qxh2+ 24. Ne2 $16) 20. Qe8 Bc5 21. Ne2 (21. Rd1 Qxe5
22. Bxc5 Qxc5+ 23. Kf1 (23. Kh1) 23... Qf5+ 24. Ke1 (24. Kg1 Qxc2 $19) 24...
Bxg2 $17) (21. Bxc5 Qxc5+ 22. Kh1 Qf2 23. Rg1 Bxg2+ 24. Rxg2 Qf1+ 25. Rg1 Qf3+
$11) 21... Bxd4+ (21... Qxe5 22. Rf1 Bxd4+ 23. Nxd4 Qxd4+ 24. Kh1 Bxg2+ $8 25.
Kxg2 Qd2+ 26. Kg3 Qg5+ 27. Kf2 Qd2+ 28. Kf3 $1 $14 {1/2-1/2 Mowsziszian,
K-Lerner,K/Bad Woerishofen/1997/ (50)} (28. Kg1 Qg5+ 29. Kf2 Qd2+ 30. Kg3 Qg5+
31. Kh3 Qe3+ {Golubev,M-Brodsky,M/URS Army-ch Simferopol/1989/ 0.5})) 22. Nxd4
Qxe5 23. Nf3 {In fact the only independent move of the whole game. White can
play for win with a bit daring march of the king into the center after 23.Rf1.}
(23. Rf1 Qxd4+ 24. Kh1 Bxg2+ (24... Qd6 $2 25. Qf7+ Kh8 26. Qxf8+ Qxf8 27.
Rxf8#) 25. Kxg2 Qd2+ 26. Kf3 $1 $14) 23... Qe3+ 24. Kh1 Bxf3 25. gxf3 Qxf3+ 26.
Kg1 Qg4+ 27. Kh1 Qe4+ 28. Kg1 1/2-1/2

[Event "RUS-Cup03 Geller Memorial"]
[Site "Moscow"]
[Date "1999.02.13"]
[Round "4"]
[White "Hait, Alexander"]
[Black "Kalugin, Sergei G"]
[Result "0-1"]
[WhiteElo "2400"]
[BlackElo "2355"]
[Annotator "Ftacnik,L"]
[PlyCount "61"]
[EventDate "1999.02.10"]
[EventType "swiss"]
[EventRounds "9"]
[EventCountry "RUS"]
[SourceTitle "CBM 070"]
[Source "ChessBase"]
[SourceDate "1999.06.08"]
[SourceVersion "1"]
[SourceVersionDate "1999.06.08"]
[SourceQuality "1"]

1. e4 c5 2. Nf3 Nc6 3. d4 cxd4 4. Nxd4 Nf6 5. Nc3 d6 6. Bc4 e6 7. Bb3 Be7 8.
O-O O-O 9. f4 d5 10. e5 (10. exd5 exd5 11. Kh1 (11. Nxc6 bxc6 12. f5 Qb6+ 13.
Kh1 Bb7 14. Na4 Qa5 15. Bd2 Qc7 16. Bf4 Qd7 17. Be3 Ne4 18. c4 Bf6 {1/2-1/2
Kupka,S-Prucha,K/Ostrava/1960/ (40)}) 11... Re8 (11... Bc5 12. Nf3 d4 13. Na4
Be7 14. c4 b6 15. Bc2 Bb7 16. a3 Qc7 17. Bd3 Rfe8 18. b4 Rad8 19. Qc2 h6 20. c5
bxc5 21. Nxc5 Ba8 {0-1 Mohrlok,D-Boleslavsky,I/Hamburg 1960/ (41)}) 12. Nf3 d4
13. Ne2 Bc5 14. Ba4 Bg4 15. h3 Bh5 16. g4 Nxg4 17. hxg4 Bxg4 18. Bxc6 bxc6 19.
Qd3 Qd5 20. Ng3 Re3 21. Bxe3 Bxf3+ 22. Kg1 dxe3 {0-1 Komora,A-Sluka,R/Moravka
opJ/1994/ (27)}) 10... Nxd4 (10... Bc5 11. Be3 Ng4 12. Qxg4 Nxd4 13. Rae1 f5
14. exf6 Qxf6 15. Kh1 a6 (15... Nxb3 16. axb3 Bxe3 17. Rxe3 d4 18. Ne4 Qf5 19.
Rg3) 16. Qh5 Nxb3 17. axb3 Bxe3 18. Rxe3 d4 19. Rh3 dxc3 20. Qxh7+ Kf7 21. Rxc3
Rd8 22. f5 {1-0 Eisinger,M-Engels,L/Karlsruhe/1938/ (34)}) 11. Qxd4 b6 (11...
Ng4 12. f5 (12. h3 b6 13. Na4 Nh6 14. g4 f5 15. g5 Nf7 16. Be3 Ba6 17. Rf3 Rc8
18. Qd2 Qd7 19. Nc3 Bb4 20. Bd4 Nd8 {0-1 Novikov,L-Boleslavsky,I/Minsk/1955/ 
(45)}) 12... Qb6 13. Qxb6 axb6 14. Bf4 Bc5+ 15. Kh1 Nf2+ 16. Kg1 g5 17. Rxf2
gxf4 18. f6 Bd7 19. Rd1 Kh8 20. Ne2 Bxf2+ 21. Kxf2 Rg8 22. Nxf4 Rg5 {0-1
Estrin,Y-Taimanov,M/Leningrad/1955/ (28)}) (11... Nd7 12. Be3 Qc7 13. Qd2 a6
14. Ne2 Nb6 15. Ng3 a5 16. Qf2 Ra6 17. c3 Nc4 18. Bd4 f5 19. exf6 Bxf6 20. Bxf6
Rxf6 21. Bxc4 Qxc4 22. Qe3 {1/2-1/2 Soloviev,V-Byvshev,V/Gorky/1950/ (34)}) 12.
Qd1 (12. Qd3 Ng4 13. Qg3 Nh6 14. Qd3 a5 15. a4 Ba6 16. Nb5 Nf5 17. c3 Bc5+ 18.
Kh1 Qh4 19. Qf3 d4 20. Bd1 dxc3 21. bxc3 Rad8 22. Be2 Bb7 {0-1 Petschar,
K-Wirius,S/AUT-chT/1991/ (57)}) 12... Nd7 13. Be3 Bc5 14. Qd2 Bb7 15. Rad1 Qe7
16. Rf3 $2 {Terrible tactical oversight, white fails to get enough
compensation for the exchange. The logical idea 16.Ne2 would have tested
black's set up.} (16. Ne2 $5 f6 17. exf6 (17. c4 $6 Bxe3+ 18. Qxe3 Qc5 19. Qxc5
Nxc5 20. cxd5 Nxb3 21. axb3 Bxd5 $15) 17... Nxf6 18. Bd4 Ne4 19. Qe3 $14) 16...
d4 $1 17. Bxd4 Bxf3 18. gxf3 Bb4 (18... Bxd4+ 19. Qxd4 Rfd8 $19) 19. f5 $5 Bxc3
(19... exf5 $2 20. Nd5 Qxe5 21. Nxb4 $18) (19... Bc5 $5 20. fxe6 fxe6 $17) 20.
Bxc3 Rad8 21. Qf4 {Sometimes the tactics works just fine for the opponent.
White will now be punished with a concentrated action of black pieces coming
to life.} (21. f6 $2 Nxf6 $1 22. exf6 Rxd2 23. fxe7 Rxd1+ $19) 21... exf5 22.
Qxf5 Nc5 $1 23. Bd5 (23. Rxd8 Rxd8 24. Bc4 Qd7 $19) 23... Na4 24. e6 (24. Be1
Qc5+ 25. Bf2 Rxd5 26. Bxc5 Rxd1+ 27. Kg2 Nxc5 $19) 24... Nxc3 25. exf7+ Kh8 26.
bxc3 Rxf7 27. Bxf7 (27. Qe4 Qc5+ 28. Kg2 Re7 29. Qh4 g5 $19) 27... Rxd1+ 28.
Kg2 Rd2+ 29. Kh3 (29. Kg3 Qc7+ 30. Qf4 Rg2+ $19) 29... Qc7 30. Qe6 Qxh2+ 31.
Kg4 0-1

[Event "Wotulo Memorial"]
[Site "Jakarta"]
[Date "2001.03.25"]
[Round "4"]
[White "Juswanto, Denny"]
[Black "Johansen, Darryl Keith"]
[Result "1-0"]
[WhiteElo "2487"]
[BlackElo "2520"]
[Annotator "Ftacnik,L"]
[PlyCount "73"]
[EventDate "2001.03.23"]
[EventType "tourn"]
[EventRounds "13"]
[EventCountry "INA"]
[EventCategory "8"]
[SourceTitle "CBM 083"]
[Source "ChessBase"]
[SourceDate "2001.07.05"]
[SourceVersion "1"]
[SourceVersionDate "2001.07.05"]
[SourceQuality "1"]

1. e4 c5 2. Nf3 d6 3. d4 cxd4 4. Nxd4 Nf6 5. Nc3 Nc6 6. Bc4 e6 7. Bb3 a6 8. O-O
Qc7 9. Be3 Na5 10. f4 Be7 11. Qe2 O-O 12. f5 (12. g4 d5 (12... Nxb3 13. Nxb3 (
13. axb3 b6 (13... d5 14. e5 Ne4 15. Nxe4 dxe4 16. Nb5 Qc6 17. Rfd1 f6 18. Ra4
fxe5 19. fxe5 Bd7 20. Nd6 b5 {0-1 Hamm,S-Enders,P/Bad Wiessee/1997/ (34)}) 14.
g5 Ne8 15. b4 Rb8 16. b5 axb5 17. Ncxb5 Qd7 18. Nc3 Bb7 19. Ra7 {1-0 Ramesh,
R-Lovlu,S/Calcutta/1996/ (44)}) 13... Re8 14. g5 Nd7 15. a4 b6 16. f5 Ne5 17.
f6 Bf8 18. fxg7 Bxg7 19. Bd4 Re7 20. Qh5 Bb7 {0-1 Birnboim,N-Vilela,J/Teeside/
1974/ (36)}) 13. e5 Nd7 14. Bxd5 exd5 15. Nxd5 Qd8 16. Nf5 Bc5 17. Bxc5 Nxc5
18. Rad1 Nd7 19. Rd3 {1-0 Klovsky,R-Nikolaevsky,Y/Yaroslavl/1966/ (30)}) 12...
Nxb3 (12... e5 13. Nf3 Nxb3 14. axb3 b5 15. Bg5 Bb7 16. Bxf6 Bxf6 17. Rfd1 Rac8
18. Rac1 Qb6+ 19. Qf2 Bd8 20. Nd5 Bxd5 21. Rxd5 {1-0 Bogdanovic,
R-Dzindzichashvili,R/Tbilisi/ 1965/ (50)}) 13. cxb3 b5 14. b4 (14. Rac1 Qd7 15.
Rfd1 Bb7 16. e5 Nd5 17. Nxd5 Bxd5 18. f6 gxf6 19. Bh6 Kh8 20. Bxf8 Rxf8 21.
exf6 Bxf6 22. Qf2 Be5 {0-1 Alvarez,J-Witt,L/Quebec/1982/ (41)}) 14... Qb7 15.
Qf3 Bd7 (15... a5 $5 16. a3 axb4 17. axb4 Bd7 $13) 16. g4 e5 $6 (16... d5 $5
17. exd5 Nxd5 18. Rad1 Rad8 $15) 17. Nb3 d5 $2 {[%mdl 32] Johansen's solution
to the impending white's attack is unfortunate, white will gain complete
control of the center.} (17... h6 18. h4 Nh7 19. Qg3 $14) 18. g5 $1 dxe4 (18...
Nxe4 19. Na5 Nxg5 (19... Qb8 20. Nxd5 $18) 20. Qg4 Qc8 21. Nxd5 $18) 19. Qd1
Ne8 20. Na5 Qc8 (20... Qc7 21. Nd5 Qd8 22. Nb7 $18) 21. Nd5 Bd6 (21... Bd8 22.
Rc1 Qb8 23. Bc5 Bxg5 24. Rc2 $16) 22. Nb6 Qd8 23. Nb7 Qc7 24. Nxd6 Nxd6 (24...
Rd8 25. Nxe8 $18) 25. Rc1 Nc4 (25... Bc6 26. Nd5 Qd7 27. Rxc6 $1 $18) 26. Rxc4
{Rather conservative solution to the problem, white could have won even
without elimination of the active black's knight.} (26. Nxd7 Rfd8 27. b3 Rxd7
28. Qe2 Rd3 29. bxc4 bxc4 30. Bc5 $18) 26... bxc4 27. Qxd7 Rac8 (27... Qxd7 28.
Nxd7 Rfe8 29. Rc1 $18) 28. Qxc7 Rxc7 29. Bc5 Re8 30. Nxc4 f6 31. Nd6 Ra8 (31...
Rd8 32. Nxe4 $18) 32. gxf6 gxf6 33. Nxe4 a5 34. b5 (34. Nxf6+ Kf7 35. Nd5 Rc6
36. a3 $18) 34... Rac8 35. b6 Rb7 (35... Rxc5 36. b7 $18) 36. Nxf6+ Kh8 37. Ne4
1-0

[Event "Hastings 9899"]
[Site "Hastings"]
[Date "1999.01.03"]
[Round "5"]
[White "Emms, John M"]
[Black "Shipov, Sergei"]
[Result "1-0"]
[WhiteElo "2585"]
[BlackElo "2635"]
[Annotator "Ftacnik,L"]
[PlyCount "47"]
[EventDate "1998.12.29"]
[EventType "tourn"]
[EventRounds "9"]
[EventCountry "ENG"]
[EventCategory "13"]
[SourceTitle "CBM 069"]
[Source "ChessBase"]
[SourceDate "1999.04.01"]
[SourceVersion "1"]
[SourceVersionDate "1999.04.01"]
[SourceQuality "1"]

1. e4 c5 2. Nf3 d6 3. d4 cxd4 4. Nxd4 Nf6 5. Nc3 a6 6. Bc4 e6 7. O-O Be7 8. a4
Nc6 9. Be3 O-O 10. Kh1 Bd7 11. f4 Rc8 12. Ba2 Qc7 13. Qe2 Na5 14. Rad1 Nc4 15.
Bc1 Rfd8 (15... Rfe8 16. Rd3 Bf8 17. Bxc4 Qxc4 18. e5 Nd5 19. Ne4 f5 20. Nxd6
Bxd6 21. exd6 Qxa4 22. b3 Qa2 23. c4 Qxe2 24. Nxe2 Nf6 25. Bb2 {1/2-1/2 Kudrin,
S-Chandler,M/Hastings/1986/ (76)}) 16. g4 $1 (16. e5 Ne8 17. exd6 Bxd6 18. f5
e5 19. Nf3 Bxf5 20. Nxe5 Bxe5 21. Rxd8 {1/2-1/2 Kuzmin,A-Savon,V/Moscow/1982/ 
(21)}) 16... Qc5 $2 {Black fails to address the problems of the position.
White's attack is very dangerous so the strong meassures were called for.} (
16... e5 $5 17. Nf5 Bxf5 18. gxf5 exf4 $13) 17. g5 Ne8 18. f5 e5 (18... Bf8 19.
fxe6 fxe6 20. b3 $1 Nb6 21. b4 Qxc3 22. Nxe6 $18) (18... b5 19. fxe6 fxe6 20.
Qf2 $18) 19. Nd5 $1 Bf8 (19... exd4 20. Nxe7+ (20. b4 Qxd5 21. exd5 Ne5 $18)
20... Kh8 21. b4 Qxb4 22. Nxc8 Rxc8 23. Rxd4 $18) 20. b4 $1 Qa7 21. Bxc4 exd4
22. g6 $1 {[%mdl 128] Black pieces are so poorly coordinated, that white is
winning without great effort.} (22. Bb2 b5 23. Bxd4 Qb7 24. axb5 axb5 25. Bb3
$18) 22... Kh8 (22... fxg6 23. Ne7+ Kh8 24. Nxg6+ hxg6 25. fxg6 Nf6 26. Rxf6
$18) 23. gxf7 Nc7 (23... Nf6 24. Nxf6 gxf6 25. Rg1 $18) 24. Nf4 1-0

[Event "NED-ch57"]
[Site "Leeuwarden"]
[Date "2002.06.27"]
[Round "7"]
[White "Reinderman, Dimitri"]
[Black "Van Wely, Loek"]
[Result "0-1"]
[WhiteElo "2537"]
[BlackElo "2642"]
[Annotator "Ftacnik,L"]
[PlyCount "90"]
[EventDate "2002.06.20"]
[EventType "tourn"]
[EventRounds "9"]
[EventCountry "NED"]
[EventCategory "13"]
[SourceTitle "CBM 090"]
[Source "ChessBase"]
[SourceDate "2002.09.20"]
[SourceVersion "1"]
[SourceVersionDate "2002.09.20"]
[SourceQuality "1"]

1. e4 c5 2. Nf3 d6 3. d4 cxd4 4. Nxd4 Nf6 5. Nc3 a6 6. Bc4 e6 7. Bb3 Nc6 8. Be3
Be7 9. f4 O-O 10. Qf3 Nxd4 11. Bxd4 b5 12. Bxf6 Bxf6 13. e5 Bh4+ 14. g3 Rb8 15.
O-O-O Bb7 16. Ne4 Bxe4 (16... Be7 17. f5 (17. exd6 Bxd6 18. Rhe1 a5 (18... Qc7
19. Qh5 Bxe4 20. Rxe4 a5 21. c3 a4 22. Bc2 g6 23. Qf3 Rfc8 24. Red4 {1-0 Czebe,
A-Kiss,G/Budapest 1997/ (33)}) 19. Bxe6 (19. Qe2 Bxe4 20. Qxe4 Qe7 21. Qc6 Rfd8
22. a4 bxa4 23. Qxa4 Qc7 24. Rd4 Rb4 {0-1 Schmidt,M-Rytshagov,M/Mittelrhein
1995/ (30)}) 19... fxe6 20. Qg4 Bd5 21. Ng5 Rb6 22. Kb1 Qc8 23. h4 Bc5 24. Qe2
h6 25. Ne4 Bb4 26. c3 Be7 27. Nd2 Bf6 {0-1 Hmadi,S-De Firmian,N/Tunis 1985/ 
(27)}) 17... exf5 (17... Bxe4 18. Qxe4 exf5 19. Qxf5 Qc7 20. exd6 Bxd6 21. Rhf1
Rbd8 22. Rd3 Rd7 23. Rfd1 Rdd8 24. Rf3 Qe7 25. Rdf1 Rd7 {1/2-1/2 Borkowski,
F-Adamski,J/Piotrkow Trybunalski 1983/ (45)}) 18. Qxf5 Bxe4 19. Qxe4 Qc7 20.
exd6 Bxd6 21. Rhf1 a5 22. Rd3 a4 23. Bd5 Kh8 {0-1 Romanishin,O-Poutiainen,P/
Tallinn/1977/ (58)}) 17. Qxe4 d5 18. Qf3 Be7 19. f5 a5 20. c3 b4 {In a
position with reduced number of light pieces black's attack is ticking nicely
and his chances are better.} (20... a4 21. Bc2 Bg5+ 22. Kb1 b4 23. h4 Bh6 24.
f6 bxc3 25. Qxc3 Qb6 26. Qd4 Qb7 27. Rh2 Rfc8 {0-1 Mitkov,N-Fernando,D/
Mondariz Balneario 1999/ (52)}) 21. Bc2 (21. c4 a4 $1 (21... Rc8 22. Kb1 a4 23.
Bxa4 Rxc4 24. Bb3 Rc5 25. Rhf1 $14) 22. Bxa4 Qa5 23. Bc2 (23. Bb3 dxc4 24. Bxc4
Rfc8 $19) (23. f6 Qxa4 24. Qg4 Bxf6 25. exf6 g6 $19) 23... b3 24. axb3 (24.
Bxb3 dxc4 25. Bxc4 Rfc8 $19) 24... Qa1+ 25. Kd2 Bg5+ 26. Ke1 Qxb2 $17) 21...
bxc3 22. f6 (22. Qxc3 Qb6 $17) 22... Rxb2 $1 (22... gxf6 23. Bxh7+ $1 Kg7 (
23... Kxh7 24. Qh5+ Kg7 25. Qg4+ $11) 24. Qg4+ Kh8 25. Qh5 cxb2+ 26. Kb1 Kg7
27. Qg4+ $11) 23. fxe7 (23. Qxc3 Rxc2+ 24. Kxc2 gxf6 $17) (23. Bxh7+ Kxh7 24.
Qh5+ Kg8 25. Qg5 Bxf6 26. exf6 Qxf6 27. Qxf6 gxf6 $19) 23... Qxe7 24. Qxc3 Rxa2
25. Rhf1 (25. Qd3 g6 26. Qb3 Ra3 27. Qb2 Rc8 $19) (25. Bb3 Qa3+ 26. Kb1 Rb8 $19
) 25... Qb7 26. Qb3 (26. Qd3 Qb2+ 27. Kd2 g6 28. Rb1 Qxe5 29. Qb3 Qd4+ 30. Kc1
Ra1 $17) 26... Qxb3 27. Bxb3 Rc8+ 28. Kb1 Rxh2 $19 {[%mdl 4096] Van Wely
managed to get 4 pawns for the sacrificed piece, even the remaining white
pawns are very weak.} 29. Ba4 (29. Rh1 Re2 30. Rhe1 Rxe1 31. Rxe1 Rc3 $19)
29... g5 30. Rc1 (30. Rh1 Rg2 31. Rhg1 Rb8+ 32. Ka1 Rbb2 $19) 30... Rxc1+ 31.
Kxc1 Ra2 32. Bc2 Ra1+ 33. Bb1 Ra3 34. Rh1 (34. Rg1 Re3 $19) 34... Rxg3 35.
Bxh7+ Kg7 36. Kd2 d4 37. Bc2 Re3 38. Re1 Rxe1 39. Kxe1 f6 {Even the bishop is
too weak an opponent for the four marching pawns.} 40. exf6+ (40. Kd2 fxe5 41.
Kd3 Kf6 42. Ke4 g4 43. Bd1 Kg5 44. Kxe5 g3 45. Bf3 a4 46. Kxd4 a3 47. Kc3 Kf4
$19) 40... Kxf6 41. Kf2 g4 42. Kg3 Kg5 43. Bd1 d3 44. Bxg4 a4 45. Bxe6 d2 0-1

[Event "USA-ch Gr-A"]
[Site "Denver"]
[Date "1998.11.02"]
[Round "3"]
[White "De Firmian, Nick E"]
[Black "Gurevich, Dmitry"]
[Result "1-0"]
[WhiteElo "2605"]
[BlackElo "2505"]
[Annotator "Ftacnik,L"]
[PlyCount "79"]
[EventDate "1998.10.31"]
[EventType "tourn"]
[EventRounds "7"]
[EventCountry "USA"]
[EventCategory "13"]
[SourceTitle "CBM 068"]
[Source "ChessBase"]
[SourceDate "1999.02.01"]
[SourceVersion "1"]
[SourceVersionDate "1999.02.01"]
[SourceQuality "1"]

1. e4 c5 2. Nf3 Nc6 3. d4 cxd4 4. Nxd4 Nf6 5. Nc3 d6 6. Bc4 e6 7. Be3 a6 8. f4
Be7 9. Qf3 O-O 10. O-O-O Qc7 11. Bb3 Nxd4 12. Bxd4 e5 13. fxe5 dxe5 14. Qg3 Bd6
15. Be3 Be6 (15... Nh5 16. Qf3 Nf4 17. g3 Ng6 18. h4 Be6 19. h5 Bxb3 20. axb3
Ne7 21. h6 f5 22. hxg7 Rf7 23. Qh5 {1-0 Repkova Eid,E-Medunova,V/Frenstat 1989/
(28)}) 16. Bh6 $1 {De Firmian plays simple and logical move, bishop's pair in
the semi open position will be very efficient.} (16. h4 Rac8 17. Bh6 Ne8 18.
Rhf1 Bxb3 19. axb3 Kh8 20. Bg5 Bb4 21. Qd3 Qa5 {0-1 Weichert,H-Cording,H/
FRG-chT 1980/ (65)}) (16. Rhf1 Kh8 (16... Nh5 17. Qf3 Nf6 18. Bg5 Ne8 19. Nd5
Bxd5 20. Rxd5 h6 21. Qh5 hxg5 22. Rd3 g4 23. Qxg4 Be7 24. Qg6 Bf6 25. Rh3 {
1-0 Mitkov,N-Bello,J/Orense 1995/ (25)}) 17. Qh4 Be7 18. Bg5 Ng8 19. Rf3 {
1/2-1/2 Peters,I-Lebermann,H/Hofheim 1995/ (19)}) 16... Ne8 (16... Nh5 $2 17.
Qg5 Bxb3 18. axb3 Rac8 19. Qxh5 gxh6 20. Rd3 $16) 17. Nd5 Bxd5 (17... Qd8 $2
18. Bg5 Qb8 (18... f6 19. Nxf6+ $18) 19. Nb6 $18) 18. Rxd5 Qc6 19. Bg5 a5 20.
a4 (20. Rd3 $6 Qxe4 21. Bd2 Qc6 $13) 20... Ra6 21. Rhd1 Kh8 22. Kb1 (22. Rxd6
$2 Nxd6 23. Be7 Nxe4 24. Qxe5 Re8 $17) 22... Rb6 23. Qd3 Qc7 24. Bc4 {[%mdl
2048]} f5 {Black is desperate to ease the grip on his position even at the
cost of material.} (24... h6 25. Be3 Rc6 26. Bb5 $18) 25. exf5 (25. Be3 $6 Rb4)
25... e4 26. Qxe4 h6 (26... Bxh2 27. Bd8 $18) 27. Qh4 Rb4 28. R5d4 Nf6 (28...
Rxf5 29. Bxh6 $1 gxh6 30. Qxh6+ Qh7 31. Qxh7+ Kxh7 32. Bd3 $1 Kg6 33. Rd5 Rbf4
34. Rxf5 Rxf5 35. g4 $18) 29. Bxf6 Rxf6 30. Be6 {Black sits without two pawns
and cannot claim any compensation.} Be7 (30... Rxd4 31. Qxd4 Be7 32. Qd7 $18)
31. Rxb4 axb4 (31... Rxe6 32. Rc4 $18) 32. Rd7 Qc5 33. Qc4 Qg1+ (33... Qxc4 34.
Bxc4 Bd6 35. Be6 Bxh2 36. Rd8+ Kh7 37. Bg8+ Kh8 38. Bf7+ Kh7 39. Bg6+ Rxg6 40.
fxg6+ Kxg6 41. Rd4 $18) 34. Ka2 Bf8 35. Rd8 Qb6 36. Qc8 b3+ 37. cxb3 Qb4 38.
Qc4 Qb6 (38... Qxc4 39. bxc4 $18) 39. Qd4 Qc7 40. Qxf6 $1 (40. Qxf6 $1 gxf6 41.
Rxf8+ Kg7 42. Rf7+ $18) 1-0